000 00453nam a2200157Ia 4500
008 160316s2009 xxu||||| |||| 00| 0 eng d
082 _a346.017000
_bDEP
100 _a
245 _aManual for trainers training on juvenile justice system for police officials
250 _a1
260 _aDelhi
_bDept. of Women and Child Development
_c2009
300 _a204
_b
_c
365 _b
650 _a1. juvenile justice 2. police officials
700 _a
_a
999 _c33908
_d33908